000 01204nam a2200337 a 4500
001 000112061
003 CHAP
005 20220329144244.0
008 151201s2015 mx a fsm |||||||spa d
010 _a108522
011 _a109494
040 _cCHAP
090 _aTesis
100 1 _aSánchez Esquivel, Alfredo
_9130157
245 1 0 _aAnálisis comparativo de los recursos hidrológicos-forestales de la microcuenca Vista Hermosa, Pue. (1983-2013)
_h[En línea]
_cAlfredo Sánchez Esquivel.
260 _aChapingo, Méx. :
_bEl autor,
_c2015.
500 _aPara ver el contenido del material haga clic en la liga
502 _aTesis (Ing. Agr. Esp. en Suelos) -- UACH. Departamento de Suelos
590 _aE5995AHE
_b05
_c20151201
_lUCH01
_h1158
590 _aE5995AHE
_b05
_c20151201
_lUCH01
_h1159
590 _aE5995AHE
_b05
_c20151201
_lUCH01
_h1203
650 1 4 _aAgua y bosques.
_92489
650 1 4 _aCuencas.
_930085
650 1 4 _aCultivos de cobertura.
_930371
650 1 4 _aEvapotranspiración.
_938968
650 1 4 _aRecursos hidráulicos
_zPuebla.
_9130003
856 _aFinding aid
_uhttp://10.13.5.2/tesis/sist112061.pdf
_zTeclea aquí
901 _aBK
942 _cTESIS
942 _n0
999 _c108522
_d108522